Public servant: memoirs of Sir Joseph Pope (Record no. 415752)

000 -LEADER
fixed length control field 00466cam a22001457a 4500
008 - FIXED-LENGTH DATA ELEMENTS--GENERAL INFORMATION
fixed length control field 180718b1960 xxu||||| |||| 00| 0 eng d
082 ## - DEWEY DECIMAL CLASSIFICATION NUMBER
Classification number A99 P81/P81
100 ## - MAIN ENTRY--PERSONAL NAME
Personal name Pope, Joseph
245 ## - TITLE STATEMENT
Title Public servant: memoirs of Sir Joseph Pope
Statement of responsibility, etc. Joseph Pope; edited and complied by Maurice Pope
260 ## - PUBLICATION, DISTRIBUTION, ETC.
Place of publication, distribution, etc. Toronto
Name of publisher, distributor, etc. Oxford
Date of publication, distribution, etc. 1960
300 ## - PHYSICAL DESCRIPTION
Extent 312p
650 ## - SUBJECT ADDED ENTRY--TOPICAL TERM
Topical term or geographic name entry element Canada -Foreign relations.
650 ## - SUBJECT ADDED ENTRY--TOPICAL TERM
Topical term or geographic name entry element Canada -Politics and government -1867-
700 ## - ADDED ENTRY--PERSONAL NAME
Personal name Pope, Maurice, ed
Holdings
Withdrawn status Lost status Damaged status Not for loan Permanent Location Current Location Date acquired Full call number Barcode Date last seen Price effective from Koha item type
        Indian Institute of Public Administration Indian Institute of Public Administration 2009-03-06 A99 P81/P81 30448 2018-07-21 2018-07-21 Book

Powered by Koha